<?xml version="1.0" encoding="UTF-8"?>
<collection xmlns="http://www.loc.gov/MARC21/slim">
    <record>
        <controlfield tag="001">65294</controlfield>
        <controlfield tag="005">20200331115958.0</controlfield>
        <datafield tag="024" ind1="7" ind2=" ">
            <subfield code="2">doi</subfield>
            <subfield code="a">10.12706/itea.2017.023</subfield>
        </datafield>
        <datafield tag="024" ind1="8" ind2=" ">
            <subfield code="2">sideral</subfield>
            <subfield code="a">104286</subfield>
        </datafield>
        <datafield tag="037" ind1=" " ind2=" ">
            <subfield code="a">ART-2017-104286</subfield>
        </datafield>
        <datafield tag="041" ind1=" " ind2=" ">
            <subfield code="a">spa</subfield>
        </datafield>
        <datafield tag="100" ind1=" " ind2=" ">
            <subfield code="0">(orcid)0000-0002-7829-1448</subfield>
            <subfield code="a">Lobón, S.</subfield>
        </datafield>
        <datafield tag="245" ind1=" " ind2=" ">
            <subfield code="a">Efecto del tipo de forraje y la inclusión de quebracho en la dieta de ovejas lactantes sobre sus rendimientos productivos</subfield>
        </datafield>
        <datafield tag="260" ind1=" " ind2=" ">
            <subfield code="c">2017</subfield>
        </datafield>
        <datafield tag="506" ind1="0" ind2=" ">
            <subfield code="a">Access copy available to the general public</subfield>
            <subfield code="f">Unrestricted</subfield>
        </datafield>
        <datafield tag="520" ind1="3" ind2=" ">
            <subfield code="a">Se estudió el efecto del tipo de forraje y el uso de quebracho en la dieta de ovejas sobre sus rendimientos y los de sus corderos lechales. Para ello, se utilizaron 39 ovejas con sus corderos distribuidos en 4 lotes según un diseño factorial de 2x2, con dos tipos de forraje (Pastoreo de pradera vs . Heno de pradera) y dos tipos de concentrado [concentrado comercial (Control) vs . concentrado con quebracho (QUE)]. El ensayo se prolongó desde el nacimiento hasta el sacrificio de los corderos a un peso vivo de 10-12 kg. La producción de leche y su contenido proteico fueron superiores en las ovejas Pastoreo que en las de Heno, con un contenido de grasa similar. Las ovejas de Pastoreo presentaron mayor concentración plasmática de urea y proteína total, y menor de ácidos grasos no esterificados. Los corderos de Pastoreo fueron más pesados al sacrificio y presentaron mayor rendimiento canal que los corderos de Heno a la misma edad. La inclusión de quebracho en el concentrado de ovejas no afectó al peso, producción lechera o concentración de metabolitos plasmáticos de las ovejas; únicamente redujo el contenido proteico de la leche en un 4% y aumentó el peso vivo del cordero en la tercera y cuarta semana de lactación, que tendió a alcanzar el peso de sacrificio 3, 5 días antes que el resto de corderos. En nuestras condiciones de trabajo, las ovejas lactantes en pastoreo y sus corderos lechales obtuvieron mejores rendimientos que las ovejas estabuladas con heno. La inclusión de quebracho no presentó efectos consistentes.</subfield>
        </datafield>
        <datafield tag="536" ind1=" " ind2=" ">
            <subfield code="9">info:eu-repo/grantAgreement/ES/DGA/A11</subfield>
            <subfield code="9">info:eu-repo/grantAgreement/ES/DGA/A49</subfield>
            <subfield code="9">info:eu-repo/grantAgreement/ES/INIA/RTA2012-080-00</subfield>
            <subfield code="9">info:eu-repo/grantAgreement/ES/INIA/RZP2009-005</subfield>
            <subfield code="9">info:eu-repo/grantAgreement/ES/INIA/RZP2013-00001-00</subfield>
        </datafield>
        <datafield tag="540" ind1=" " ind2=" ">
            <subfield code="9">info:eu-repo/semantics/openAccess</subfield>
            <subfield code="a">by-nc-nd</subfield>
            <subfield code="u">http://creativecommons.org/licenses/by-nc-nd/3.0/es/</subfield>
        </datafield>
        <datafield tag="590" ind1=" " ind2=" ">
            <subfield code="a">0.288</subfield>
            <subfield code="b">2017</subfield>
        </datafield>
        <datafield tag="591" ind1=" " ind2=" ">
            <subfield code="a">AGRONOMY</subfield>
            <subfield code="b">81 / 87 = 0.931</subfield>
            <subfield code="c">2017</subfield>
            <subfield code="d">Q4</subfield>
            <subfield code="e">T3</subfield>
        </datafield>
        <datafield tag="591" ind1=" " ind2=" ">
            <subfield code="a">AGRICULTURE, DAIRY &amp; ANIMAL SCIENCE</subfield>
            <subfield code="b">53 / 59 = 0.898</subfield>
            <subfield code="c">2017</subfield>
            <subfield code="d">Q4</subfield>
            <subfield code="e">T3</subfield>
        </datafield>
        <datafield tag="592" ind1=" " ind2=" ">
            <subfield code="a">0.143</subfield>
            <subfield code="b">2017</subfield>
        </datafield>
        <datafield tag="593" ind1=" " ind2=" ">
            <subfield code="a">Agronomy and Crop Science</subfield>
            <subfield code="c">2017</subfield>
            <subfield code="d">Q4</subfield>
        </datafield>
        <datafield tag="593" ind1=" " ind2=" ">
            <subfield code="a">Veterinary (miscellaneous)</subfield>
            <subfield code="c">2017</subfield>
            <subfield code="d">Q4</subfield>
        </datafield>
        <datafield tag="593" ind1=" " ind2=" ">
            <subfield code="a">Horticulture</subfield>
            <subfield code="c">2017</subfield>
            <subfield code="d">Q4</subfield>
        </datafield>
        <datafield tag="655" ind1=" " ind2="4">
            <subfield code="a">info:eu-repo/semantics/article</subfield>
            <subfield code="v">info:eu-repo/semantics/publishedVersion</subfield>
        </datafield>
        <datafield tag="700" ind1=" " ind2=" ">
            <subfield code="0">(orcid)0000-0002-8122-0069</subfield>
            <subfield code="a">Sanz, A.</subfield>
        </datafield>
        <datafield tag="700" ind1=" " ind2=" ">
            <subfield code="0">(orcid)0000-0003-3875-4935</subfield>
            <subfield code="a">Blanco, M.</subfield>
        </datafield>
        <datafield tag="700" ind1=" " ind2=" ">
            <subfield code="0">(orcid)0000-0002-1796-4223</subfield>
            <subfield code="a">Joy, M.</subfield>
        </datafield>
        <datafield tag="773" ind1=" " ind2=" ">
            <subfield code="g">113, 4 (2017), 359-375</subfield>
            <subfield code="p">Inf. téc. econ. agrar.</subfield>
            <subfield code="t">ITEA-Informacion Tecnica Economica Agraria</subfield>
            <subfield code="x">1699-6887</subfield>
        </datafield>
        <datafield tag="856" ind1="4" ind2=" ">
            <subfield code="s">129074</subfield>
            <subfield code="u">http://zaguan.unizar.es/record/65294/files/texto_completo.pdf</subfield>
            <subfield code="y">Versión publicada</subfield>
        </datafield>
        <datafield tag="856" ind1="4" ind2=" ">
            <subfield code="s">96478</subfield>
            <subfield code="u">http://zaguan.unizar.es/record/65294/files/texto_completo.jpg?subformat=icon</subfield>
            <subfield code="x">icon</subfield>
            <subfield code="y">Versión publicada</subfield>
        </datafield>
        <datafield tag="909" ind1="C" ind2="O">
            <subfield code="o">oai:zaguan.unizar.es:65294</subfield>
            <subfield code="p">articulos</subfield>
            <subfield code="p">driver</subfield>
        </datafield>
        <datafield tag="951" ind1=" " ind2=" ">
            <subfield code="a">2020-03-31-10:30:05</subfield>
        </datafield>
        <datafield tag="980" ind1=" " ind2=" ">
            <subfield code="a">ARTICLE</subfield>
        </datafield>
    </record>

    
</collection>